000 01724cam a2200133 4500500
005 20251214002558.0
041 _afre
042 _adc
100 1 0 _aDupont, Florence
_eauthor
245 0 0 _aHistoire littéraire de Rome : De Romulus à Ovide
260 _bArmand Colin,
_c2022.
520 _aRome, dont la langue de culture fut d’abord le grec, aurait pu être un empire hellénistique comme celui du macédonien Alexandre et les lettres latines ne jamais exister. Par la création et la pratique sociale des « lettres latines », Rome s’est démarquée des autres sociétés antiques, en s’identifiant à sa langue, politique, le latin, dont l’origine reste mystérieuse. La République romaine a ainsi édifié sa propre culture littéraire – mixte, ajoutant le latin au grec – et développé en latin toutes les formes de la culture classique grecque : le théâtre, la poésie, la philosophie, l’histoire, l’éloquence et l’art de la conversation.Cette vision très concrète de l’histoire des lettres latines comme processus, en relation avec l’affirmation progressive d’une identité latine de Rome à partir du IIIe siècle avant J.-C., conduit l’auteur à une relecture décapante des principaux textes latins antiques. À l’opposé d’une histoire de la « littérature latine », sous-tendue par la conception romantique de la littérature comme expression spontanée du génie national sous la figure de l’écrivain, l’auteur propose, de Romulus à Ovide, une histoire littéraire de Rome, comme il en existe une histoire militaire ou politique.
856 4 1 _uhttps://shs.cairn.info/histoire-litteraire-de-rome--9782200629359?lang=fr&redirect-ssocas=7080
999 _c1567169
_d1567169